Vista normal
Vista MARC
Entrada Nombre personal
Número de registros utilizados en: 5
001 - NÚMERO DE CONTROL
- Campo de control: 21488
003 - IDENTIFICADOR DE NÚMERO DE CONTROL
- Campo de control: ES-MaCES
005 - FECHA Y HORA DE LA ULTIMA MODIFICACION
- Campo de control: 20180529102109.0
008 - ELEMENTOS DE DATOS DE LONGITUD FIJA
- Campo de longitud fija: 100301 | azznnaabn |n aaa d
035 ## - NÚMERO DE CONTROL DEL SISTEMA
- Número de control del sistema: CES20100002710n
040 ## - FUENTE DE LA CATALOGACIÓN
- Agencia original de catalogación: ES-MaCES
- Idioma de catalogación: spa
- Agencia de transcripción: ES-MaCES
100 1# - ENCABEZAMIENTO--NOMBRE DE PERSONA
- Nombre personal: Puig-Samper Mulero, Fernando
400 ## - TRAZADO VEÁSE--NOMBRE DE PERSONA
- Nombre personal: Puig-Samper, Fernando
670 ## - FUENTE DE DATOS ENCONTRADOS
- Fuente de citación: https://es.linkedin.com
901 ## - CES. DATOS SIRTEX
- ID Sirtex (N5N8): 0001500021332
- 005BIS Sirtex: 201003011225AMACIAS

